El misterio del hombre que desapareció /
Guardado en:
| Autor Principal: | |
|---|---|
| Otros Autores: | |
| Formato: | Libro |
| Publicado: |
Bogota :
Norma,
1996.
|
| Edición: | 12a reimp. |
| Series: | Torre de Papel. Azul +9 años
|
| Materias: | |
| Etiquetas: |
Agregar Etiqueta
Sin Etiquetas, Sea el primero en etiquetar este registro!
|
| LEADER | 00973nam a22002655a 4500 | ||
|---|---|---|---|
| 001 | CEM.cems019931 | ||
| 008 | 230327s1996##################000#0#####d | ||
| 005 | 20230327124314.0 | ||
| 245 | 1 | 0 | |a El misterio del hombre que desapareció / |c María Isabel Molina; ilustrado por José Guillermo Peña. |
| 250 | |a 12a reimp. | ||
| 260 | |a Bogota : |b Norma, |c 1996. | ||
| 300 | |a 109 p. | ||
| 490 | 0 | |a Torre de Papel. Azul +9 años | |
| 020 | |a 9580407290 | ||
| 100 | 1 | |a Molina, María Isabel. | |
| 700 | 1 | |a Peña, José Guillermo; il. | |
| 082 | 0 | 4 | |a 863.4 |
| 653 | |a Literatura | ||
| 653 | |a Literatura Española | ||
| 653 | |a Literatura Infantil | ||
| 653 | |a Novelas | ||
| 859 | |a CEMS |b BIB. CEMS - Inicial y Primaria |h 863.4 |i M733 |k IP |p 1307 |t Ej.1 | ||
| 859 | |a CEMS |b BIB. CEMS - Inicial y Primaria |h 863.4 |i M733 |k IP |p 2360 |t Ej.2 | ||
| 859 | |a CEMS |b BIB. CEMS - Inicial y Primaria |h 863.4 |i M733 |k IP |p 2359 |t Ej.3 | ||
| 859 | |a CEMS |b BIB. CEMS - Inicial y Primaria |h 863.4 |i M733 |k IP |p 6331 |t Ej.4 | ||
